Empire and constitution in modern Japan : (Record no. 5517)

MARC details
000 -LEADER
fixed length control field 01409nam a22003377a 4500
003 - CONTROL NUMBER IDENTIFIER
control field OSt
005 - DATE AND TIME OF LATEST TRANSACTION
control field 20260204170628.0
007 - PHYSICAL DESCRIPTION FIXED FIELD--GENERAL INFORMATION
fixed length control field a
008 - FIXED-LENGTH DATA ELEMENTS--GENERAL INFORMATION
fixed length control field 260202b |||||||| |||| 00| 0 eng d
020 ## - INTERNATIONAL STANDARD BOOK NUMBER
International Standard Book Number 9781350240407
040 ## - CATALOGING SOURCE
Original cataloging agency Foundation University
Language of cataloging eng
Transcribing agency Foundation University
Modifying agency FULib
Description conventions rda
050 ## - LIBRARY OF CONGRESS CALL NUMBER
Classification number DS 889
Item number .2021 B36
100 ## - MAIN ENTRY--PERSONAL NAME
Personal name Banno, Junji,
Relator term author
9 (RLIN) 14542
245 00 - TITLE STATEMENT
Title Empire and constitution in modern Japan :
Remainder of title why could war with China not be prevented /
Statement of responsibility, etc. Junji banno; translated by Arthur Stockwin.
260 ## - PUBLICATION, DISTRIBUTION, ETC.
Place of publication, distribution, etc. Great Britain :
Name of publisher, distributor, etc. Bloomsbury Academic,
Date of publication, distribution, etc. 2021.
264 ## - PRODUCTION, PUBLICATION, DISTRIBUTION, MANUFACTURE, AND COPYRIGHT NOTICE
Copyright Date 2021.
300 ## - PHYSICAL DESCRIPTION
Materials specified resource
Extent 175 pages; 5 unpaged
Other physical details ;
Dimensions 23 cm.
Type of unit volume
336 ## - CONTENT TYPE
Source rdacontent
Content type term text
Content type code txt
337 ## - MEDIA TYPE
Source rdamedia
Media type term unmediated
Media type code n
338 ## - CARRIER TYPE
Source rdacarrier
Materials specified resource
Carrier type term volume
Carrier type code nc
490 ## - SERIES STATEMENT
Series statement SOAS Studies in modern and contemporary Japan.
504 ## - BIBLIOGRAPHY, ETC. NOTE
Bibliography, etc. note Includes index.
650 ## - SUBJECT ADDED ENTRY--TOPICAL TERM
Source of heading or term LC
Topical term or geographic name entry element Kenkoku Kinen no hi
9 (RLIN) 14543
650 ## - SUBJECT ADDED ENTRY--TOPICAL TERM
Source of heading or term LC
Topical term or geographic name entry element Sino-Japanese War, 1937-1945
9 (RLIN) 14544
650 ## - SUBJECT ADDED ENTRY--TOPICAL TERM
Source of heading or term LC
Topical term or geographic name entry element Constitutional history
9 (RLIN) 14545
651 ## - SUBJECT ADDED ENTRY--GEOGRAPHIC NAME
Geographic name Japan
Form subdivision History.
9 (RLIN) 14546
658 ## - INDEX TERM--CURRICULUM OBJECTIVE
Main curriculum objective Political Science, Master of Arts in :
Subordinate curriculum objective Asian Politics ;
Curriculum code POL337
700 ## - ADDED ENTRY--PERSONAL NAME
Personal name Stockwin, Arthur
Relator term translator
9 (RLIN) 14547
856 ## - ELECTRONIC LOCATION AND ACCESS
Uniform Resource Identifier <a href="https://drive.google.com/file/d/1vULI6YR8VBvvamc4N7KcYcFtIE4SyaOU/view?usp=sharing">https://drive.google.com/file/d/1vULI6YR8VBvvamc4N7KcYcFtIE4SyaOU/view?usp=sharing</a>
Link text Click here to view the table of content
942 ## - ADDED ENTRY ELEMENTS (KOHA)
Source of classification or shelving scheme Library of Congress Classification
Koha item type Books
Classification part DS 889
Item part .2021 B36
Call number prefix (CAS-PS)
Suppress in OPAC No
Holdings
Uniform Resource Identifier Withdrawn status Lost status Source of classification or shelving scheme Damaged status Not for loan Collection code Home library Current library Shelving location Date acquired Source of acquisition Total Checkouts Full call number Barcode Date last seen Price effective from Koha item type Accession Number
https://drive.google.com/file/d/1vULI6YR8VBvvamc4N7KcYcFtIE4SyaOU/view?usp=sharing     Library of Congress Classification   Preservation Copy Non-fiction Foundation University Library Foundation University Library CoArts & Sciences 02/02/2026 QT   (CAS-PS) DS 889 .2021 B36 0072026015031 02/02/2026 02/02/2026 Books CAS-PS-2026031
https://drive.google.com/file/d/1vULI6YR8VBvvamc4N7KcYcFtIE4SyaOU/view?usp=sharing     Library of Congress Classification   Room Use Only Non-fiction Foundation University Library Foundation University Library CoArts & Sciences 02/02/2026 QT   (CAS-PS) DS 889 .2021 B36 c2 0072026015032 02/02/2026 02/02/2026 Books CAS-PS-2026032
https://drive.google.com/file/d/1vULI6YR8VBvvamc4N7KcYcFtIE4SyaOU/view?usp=sharing     Library of Congress Classification     Non-fiction Foundation University Library Foundation University Library CoArts & Sciences 02/02/2026 QT   (CAS-PS) DS 889 .2021 B36 c3 0072026015033 02/02/2026 02/02/2026 Books CAS-PS-2026033